Normal view
MARC view
- Universidad Nacional Autónoma de México
Entry Nombre Corporativo
001 - NÚMERO DE CONTROL
- campo de control: 46305
003 - IDENTIFICADOR DE NUMERO DE CONTROL
- campo de control: UPN
005 - FECHA Y HORA DE LA ÜLTIMA TRANSACCIÓN
- campo de control: 20220912093353.0
008 - DATOS DE LONGITUD FIJA
- campo de control de longitud fija: 220912|| aca||aabn | a|a d
040 ## - FUENTE DE CATALOGACIÓN
- Agencia original de catalogación: UPN
110 2# - ENCABEZAMIENTO - NOMBRE CORPORATIVO
- Nombre corporativo o de jurisdicción como elemento de entrada : Universidad Nacional Autónoma de México
- Subdivisión temática general: Historia
- Subdivisión de forma: Fuentes
670 ## - FUENTE EN LA QUE SE LOCALIZARON DATOS
- Cita de la fuente : DGB/UNAM, 12 septiembre 2022:
- Información localizada: catálogo electrónico (Universidad Nacional Autónoma de México -- Historia -- Fuentes)
